000 00391nam a22001457a 4500
003 MACL
005 20180429145420.0
008 180429b xxu||||| |||| 00| 0 eng d
040 _cMACL
100 _aDr. Devender Kumar Sharma
_972523
245 _aPartition and Refugee Resettlement
260 _aNew Delhi
_bNisha Publications
_c2016
650 _aSocial Problem
_972524
942 _2ddc
_cBK
999 _c58073
_d58073